[Event "PK Jeugd 2020 B"]
[Site "Eindhoven, Netherlands"]
[Date "2020.02.08"]
[Round "4.3"]
[White "Bogouslavskii, Veronique"]
[Black "Slagboom, Leandro"]
[Result "1-0"]
[WhiteElo "1527"]
[BlackElo "1970"]

1. d4 {[%clk 00:55:13]} {[%emt 00:00:06]} d5 {[%clk 00:55:16]} {[%emt
00:00:05]} 2. c4 {[%clk 00:55:19]} {[%emt 00:00:03]} e6 {[%clk 00:55:21]}
{[%emt 00:00:04]} 3. Nc3 {[%clk 00:55:22]} {[%emt 00:00:07]} c6 {[%clk
00:55:22]} {[%emt 00:00:09]} 4. Nf3 {[%clk 00:55:25]} {[%emt 00:00:07]} Nf6
{[%clk 00:55:25]} {[%emt 00:00:08]} 5. e3 {[%clk 00:55:27]} {[%emt 00:00:07]}
Nbd7 {[%clk 00:55:30]} {[%emt 00:00:05]} 6. Be2 {[%clk 00:55:17]} {[%emt
00:00:20]} dxc4 {[%clk 00:55:33]} {[%emt 00:00:08]} 7. Bxc4 {[%clk 00:55:21]}
{[%emt 00:00:06]} b5 {[%clk 00:55:38]} {[%emt 00:00:05]} 8. Bd3 {[%clk
00:55:15]} {[%emt 00:00:16]} Bb7 {[%clk 00:55:40]} {[%emt 00:00:08]} 9. O-O
{[%clk 00:54:55]} {[%emt 00:00:30]} a6 {[%clk 00:55:19]} {[%emt 00:00:31]} 10.
Re1 {[%clk 00:54:42]} {[%emt 00:00:22]} c5 {[%clk 00:53:53]} {[%emt 00:01:37]}
11. dxc5 {[%clk 00:49:42]} {[%emt 00:05:10]} Nxc5 {[%clk 00:52:21]} {[%emt
00:01:42]} 12. Bc2 {[%clk 00:48:30]} {[%emt 00:01:22]} Qc7 {[%clk 00:51:04]}
{[%emt 00:01:27]} 13. b4 {[%clk 00:46:43]} {[%emt 00:01:57]} Ncd7 {[%clk
00:49:30]} {[%emt 00:01:45]} 14. Bd2 {[%clk 00:40:21]} {[%emt 00:06:31]} Be7
{[%clk 00:45:42]} {[%emt 00:03:58]} 15. Rc1 {[%clk 00:39:48]} {[%emt 00:00:43]}
Rc8 {[%clk 00:41:53]} {[%emt 00:03:59]} 16. a3 {[%clk 00:36:36]} {[%emt
00:03:22]} Ne5 {[%clk 00:36:03]} {[%emt 00:05:59]} 17. Ne4 {[%clk 00:29:41]}
{[%emt 00:07:05]} Nc4 {[%clk 00:29:02]} {[%emt 00:07:12]} 18. Nxf6+ {[%clk
00:27:06]} {[%emt 00:02:45]} Bxf6 {[%clk 00:28:57]} {[%emt 00:00:15]} 19. Bb3
{[%clk 00:26:44]} {[%emt 00:00:32]} Bxf3 {[%clk 00:26:14]} {[%emt 00:02:53]} 20.
gxf3 {[%clk 00:25:35]} {[%emt 00:01:18]} O-O {[%clk 00:15:43]} {[%emt
00:10:42]} 21. Rc2 {[%clk 00:19:21]} {[%emt 00:06:24]} Rfd8 {[%clk 00:13:10]}
{[%emt 00:02:43]} 22. Bxc4 {[%clk 00:18:03]} {[%emt 00:01:27]} bxc4 {[%clk
00:13:10]} {[%emt 00:00:10]} 23. Qb1 {[%clk 00:17:11]} {[%emt 00:01:02]} c3
{[%clk 00:12:02]} {[%emt 00:01:19]} 24. Bc1 {[%clk 00:14:25]} {[%emt 00:02:56]}
Rd3 {[%clk 00:09:13]} {[%emt 00:02:59]} 25. b5 {[%clk 00:11:18]} {[%emt
00:03:17]} Qb7 {[%clk 00:08:27]} {[%emt 00:00:56]} 26. a4 {[%clk 00:10:12]}
{[%emt 00:01:16]} axb5 {[%clk 00:08:02]} {[%emt 00:00:35]} 27. axb5 {[%clk
00:09:03]} {[%emt 00:01:18]} Rc5 {[%clk 00:07:14]} {[%emt 00:00:57]} 28. Qa2
{[%clk 00:07:34]} {[%emt 00:01:39]} Rg5+ {[%clk 00:05:57]} {[%emt 00:01:28]} 29.
Kf1 {[%clk 00:07:26]} {[%emt 00:00:15]} Qxf3 {[%clk 00:05:36]} {[%emt
00:00:34]} 30. Qc4 {[%clk 00:06:06]} {[%emt 00:01:29]} Rd1 {[%clk 00:04:46]}
{[%emt 00:01:00]} 31. Qc8+ {[%clk 00:05:36]} {[%emt 00:00:40]} Bd8 {[%clk
00:04:36]} {[%emt 00:00:20]} 32. Qxc3 {[%clk 00:05:31]} {[%emt 00:00:15]} Rdd5
{[%clk 00:02:51]} {[%emt 00:01:55]} 33. e4 {[%clk 00:05:05]} {[%emt 00:00:35]}
Qg2+ {[%clk 00:02:25]} {[%emt 00:00:36]} 34. Ke2 {[%clk 00:05:13]} {[%emt
00:00:02]} Qxe4+ {[%clk 00:02:18]} {[%emt 00:00:17]} 35. Be3 {[%clk 00:03:11]}
{[%emt 00:02:11]} f5 {[%clk 00:01:23]} {[%emt 00:01:06]} 36. Qc4 {[%clk
00:01:55]} {[%emt 00:01:25]} Qe5 {[%clk 00:00:35]} {[%emt 00:00:59]} 37. f4
{[%clk 00:01:23]} {[%emt 00:00:41]} Rg2+ {[%clk 00:00:27]} {[%emt 00:00:18]} 38.
Kf3 {[%clk 00:01:00]} {[%emt 00:00:31]} Rxc2 {[%clk 00:00:36]} {[%emt
00:00:04]} 39. Qxc2 {[%clk 00:01:03]} {[%emt 00:00:06]} Qb8 {[%clk 00:00:39]}
{[%emt 00:00:07]} 40. Qc6 {[%clk 00:01:01]} {[%emt 00:00:12]} Rd6 {[%clk
00:00:19]} {[%emt 00:00:30]} 41. Qe8# {[%clk 00:01:07]} {[%emt 00:00:11]} 1-0

[Event "PK Jeugd 2020 B"]
[Site "Eindhoven, Netherlands"]
[Date "2020.02.08"]
[Round "4.4"]
[White "Kumar, Prajit Sai"]
[Black "Basa, Manasvita"]
[Result "1-0"]
[WhiteElo "1627"]
[BlackElo "1728"]

1. d4 {[%clk 00:55:17]} {[%emt 00:00:02]} d5 {[%clk 00:55:15]} {[%emt
00:00:05]} 2. c4 {[%clk 00:55:23]} {[%emt 00:00:05]} e6 {[%clk 00:55:20]}
{[%emt 00:00:04]} 3. Nc3 {[%clk 00:55:28]} {[%emt 00:00:05]} Be7 {[%clk
00:55:25]} {[%emt 00:00:06]} 4. Nf3 {[%clk 00:55:28]} {[%emt 00:00:09]} Nf6
{[%clk 00:55:29]} {[%emt 00:00:06]} 5. Bg5 {[%clk 00:55:23]} {[%emt 00:00:05]}
O-O {[%clk 00:55:17]} {[%emt 00:00:21]} 6. e3 {[%clk 00:55:38]} {[%emt
00:00:06]} a6 {[%clk 00:55:17]} {[%emt 00:00:11]} 7. cxd5 {[%clk 00:55:36]}
{[%emt 00:00:12]} exd5 {[%clk 00:55:06]} {[%emt 00:00:21]} 8. Qc2 {[%clk
00:53:23]} {[%emt 00:02:24]} Be6 {[%clk 00:53:51]} {[%emt 00:01:24]} 9. Bd3
{[%clk 00:53:11]} {[%emt 00:00:21]} h6 {[%clk 00:53:48]} {[%emt 00:00:14]} 10.
Bh4 {[%clk 00:52:55]} {[%emt 00:00:27]} Nbd7 {[%clk 00:51:50]} {[%emt
00:02:07]} 11. O-O {[%clk 00:52:12]} {[%emt 00:00:53]} Rc8 {[%clk 00:46:24]}
{[%emt 00:05:36]} 12. Rac1 {[%clk 00:46:52]} {[%emt 00:05:29]} c5 {[%clk
00:42:15]} {[%emt 00:04:19]} 13. dxc5 {[%clk 00:42:30]} {[%emt 00:04:32]} Nxc5
{[%clk 00:42:17]} {[%emt 00:00:09]} 14. Nd4 {[%clk 00:39:48]} {[%emt 00:02:52]}
Nxd3 {[%clk 00:39:54]} {[%emt 00:02:33]} 15. Qxd3 {[%clk 00:39:43]} {[%emt
00:00:15]} Nd7 {[%clk 00:33:45]} {[%emt 00:06:19]} 16. Bxe7 {[%clk 00:39:30]}
{[%emt 00:00:23]} Qxe7 {[%clk 00:33:46]} {[%emt 00:00:10]} 17. Rfd1 {[%clk
00:36:50]} {[%emt 00:02:49]} Ne5 {[%clk 00:33:05]} {[%emt 00:00:51]} 18. Qe2
{[%clk 00:34:49]} {[%emt 00:02:10]} Qf6 {[%clk 00:29:17]} {[%emt 00:03:59]} 19.
h3 {[%clk 00:34:02]} {[%emt 00:00:56]} Qg6 {[%clk 00:26:49]} {[%emt 00:02:39]}
20. Kh1 {[%clk 00:32:20]} {[%emt 00:01:52]} Rcd8 {[%clk 00:19:28]} {[%emt
00:07:31]} 21. Nf3 {[%clk 00:28:18]} {[%emt 00:04:08]} Nc6 {[%clk 00:17:30]}
{[%emt 00:02:10]} 22. a3 {[%clk 00:24:32]} {[%emt 00:03:58]} Rfe8 {[%clk
00:17:03]} {[%emt 00:00:37]} 23. Qd2 {[%clk 00:22:15]} {[%emt 00:02:27]} Qh5
{[%clk 00:16:22]} {[%emt 00:00:50]} 24. Ne2 {[%clk 00:20:16]} {[%emt 00:02:10]}
Qg6 {[%clk 00:12:08]} {[%emt 00:04:24]} 25. Ned4 {[%clk 00:19:26]} {[%emt
00:01:01]} Qe4 {[%clk 00:09:39]} {[%emt 00:02:39]} 26. Qe2 {[%clk 00:16:30]}
{[%emt 00:03:04]} Rc8 {[%clk 00:05:11]} {[%emt 00:04:41]} 27. Kg1 {[%clk
00:13:51]} {[%emt 00:02:48]} Nxd4 {[%clk 00:03:20]} {[%emt 00:02:01]} 28. Nxd4
{[%clk 00:13:42]} {[%emt 00:00:19]} Rxc1 {[%clk 00:03:28]} {[%emt 00:00:02]} 29.
Rxc1 {[%clk 00:13:36]} {[%emt 00:00:16]} Bxh3 {[%clk 00:03:32]} {[%emt
00:00:06]} 30. Qf3 {[%clk 00:12:21]} {[%emt 00:01:24]} Qxf3 {[%clk 00:03:33]}
{[%emt 00:00:10]} 31. Nxf3 {[%clk 00:12:21]} {[%emt 00:00:10]} Bf5 {[%clk
00:03:12]} {[%emt 00:00:31]} 32. Rc7 {[%clk 00:11:40]} {[%emt 00:00:51]} b5
{[%clk 00:02:11]} {[%emt 00:01:10]} 33. Nd4 {[%clk 00:11:32]} {[%emt 00:00:17]}
Bd3 {[%clk 00:00:48]} {[%emt 00:01:35]} 34. Rc3 {[%clk 00:10:48]} {[%emt
00:00:54]} Bc4 {[%clk 00:00:55]} {[%emt 00:00:03]} 35. b3 {[%clk 00:10:43]}
{[%emt 00:00:15]} Rb8 {[%clk 00:00:33]} {[%emt 00:00:32]} 36. bxc4 {[%clk
00:10:40]} {[%emt 00:00:13]} bxc4 {[%clk 00:00:20]} {[%emt 00:00:23]} 37. Kf1
{[%clk 00:10:28]} {[%emt 00:00:21]} Rb2 {[%clk 00:00:27]} {[%emt 00:00:03]} 38.
Rc2 {[%clk 00:10:21]} {[%emt 00:00:17]} Rxc2 {[%clk 00:00:14]} {[%emt
00:00:23]} 39. Nxc2 {[%clk 00:10:30]} {[%emt 00:00:01]} Kf8 {[%clk 00:00:24]}
40. Nb4 {[%clk 00:10:09]} {[%emt 00:00:30]} Ke7 {[%clk 00:00:30]} {[%emt
00:00:04]} 41. Nxd5+ {[%clk 00:09:41]} {[%emt 00:00:38]} Kd6 {[%clk 00:00:38]}
{[%emt 00:00:01]} 42. Nc3 {[%clk 00:09:40]} {[%emt 00:00:11]} g5 {[%clk
00:00:20]} {[%emt 00:00:28]} 43. Ke2 {[%clk 00:09:42]} {[%emt 00:00:08]} f5
{[%clk 00:00:26]} {[%emt 00:00:04]} 44. g3 {[%clk 00:08:43]} {[%emt 00:01:09]}
h5 {[%clk 00:00:28]} {[%emt 00:00:07]} 45. Kf3 {[%clk 00:08:04]} {[%emt
00:00:49]} Ke5 {[%clk 00:00:23]} {[%emt 00:00:15]} 46. Kg2 {[%clk 00:06:50]}
{[%emt 00:01:24]} a5 {[%clk 00:00:00]} {[%emt 00:00:23]} 47. f4+ {[%clk
00:06:50]} {[%emt 00:00:14]} gxf4 {[%clk 00:00:00]} {[%emt 00:00:08]} 1-0

[Event "PK Jeugd 2020 B"]
[Site "Eindhoven, Netherlands"]
[Date "2020.02.08"]
[Round "4.5"]
[White "Labruyere, Roger"]
[Black "Shadrin, Mitia"]
[Result "1-0"]
[WhiteElo "2069"]
[BlackElo "1730"]

1. d4 {[%clk 00:55:18]} Nf6 {[%clk 00:55:15]} {[%emt 00:00:05]} 2. Nf3 {[%clk
00:55:22]} {[%emt 00:00:06]} g6 {[%clk 00:55:20]} {[%emt 00:00:05]} 3. g3
{[%clk 00:55:24]} {[%emt 00:00:08]} Bg7 {[%clk 00:55:26]} {[%emt 00:00:04]} 4.
Bg2 {[%clk 00:55:31]} {[%emt 00:00:02]} O-O {[%clk 00:55:30]} {[%emt 00:00:06]}
5. O-O {[%clk 00:55:39]} d6 {[%clk 00:55:30]} {[%emt 00:00:11]} 6. b3 {[%clk
00:55:45]} {[%emt 00:00:04]} Bf5 {[%clk 00:54:23]} {[%emt 00:01:16]} 7. Bb2
{[%clk 00:55:37]} {[%emt 00:00:19]} Nc6 {[%clk 00:54:09]} {[%emt 00:00:24]} 8.
c4 {[%clk 00:55:12]} {[%emt 00:00:35]} Nd7 {[%clk 00:53:12]} {[%emt 00:01:07]}
9. Nh4 {[%clk 00:53:33]} {[%emt 00:01:49]} Bxb1 {[%clk 00:50:58]} {[%emt
00:02:25]} 10. Rxb1 {[%clk 00:53:41]} {[%emt 00:00:02]} e5 {[%clk 00:50:35]}
{[%emt 00:00:32]} 11. d5 {[%clk 00:51:45]} {[%emt 00:02:06]} Ne7 {[%clk
00:49:55]} {[%emt 00:00:49]} 12. Qc2 {[%clk 00:49:46]} {[%emt 00:02:10]} f5
{[%clk 00:48:55]} {[%emt 00:01:11]} 13. Nf3 {[%clk 00:48:34]} {[%emt 00:01:21]}
Nc8 {[%clk 00:45:47]} {[%emt 00:03:19]} 14. b4 {[%clk 00:45:10]} {[%emt
00:03:34]} b6 {[%clk 00:45:49]} {[%emt 00:00:07]} 15. Nd2 {[%clk 00:44:46]}
{[%emt 00:00:35]} Qe7 {[%clk 00:42:58]} {[%emt 00:03:01]} 16. Nb3 {[%clk
00:44:20]} {[%emt 00:00:35]} a6 {[%clk 00:37:47]} {[%emt 00:05:22]} 17. a4
{[%clk 00:43:21]} {[%emt 00:01:09]} a5 {[%clk 00:37:32]} {[%emt 00:00:25]} 18.
bxa5 {[%clk 00:43:19]} {[%emt 00:00:12]} bxa5 {[%clk 00:37:36]} {[%emt
00:00:06]} 19. Bc3 {[%clk 00:43:03]} {[%emt 00:00:25]} Ndb6 {[%clk 00:36:20]}
{[%emt 00:01:25]} 20. Nxa5 {[%clk 00:42:46]} {[%emt 00:00:28]} Qd7 {[%clk
00:35:36]} {[%emt 00:00:52]} 21. Ra1 {[%clk 00:41:10]} {[%emt 00:01:49]} Ne7
{[%clk 00:35:13]} {[%emt 00:00:33]} 22. Rfd1 {[%clk 00:40:21]} {[%emt
00:00:58]} f4 {[%clk 00:35:01]} {[%emt 00:00:22]} 23. c5 {[%clk 00:38:44]}
{[%emt 00:01:47]} dxc5 {[%clk 00:34:20]} {[%emt 00:00:51]} 24. d6 {[%clk
00:38:47]} {[%emt 00:00:07]} cxd6 {[%clk 00:34:27]} {[%emt 00:00:03]} 25. Qb3+
{[%clk 00:38:45]} {[%emt 00:00:12]} Kh8 {[%clk 00:33:49]} {[%emt 00:00:49]} 26.
Qxb6 {[%clk 00:38:49]} {[%emt 00:00:06]} Rad8 {[%clk 00:33:47]} {[%emt
00:00:12]} 27. Nb7 {[%clk 00:38:43]} {[%emt 00:00:16]} Nc8 {[%clk 00:33:19]}
{[%emt 00:00:39]} 28. Qc6 {[%clk 00:37:45]} {[%emt 00:01:07]} Ne7 {[%clk
00:33:24]} {[%emt 00:00:05]} 29. Qxd7 {[%clk 00:37:41]} {[%emt 00:00:14]} Rxd7
{[%clk 00:33:32]} {[%emt 00:00:02]} 30. Nxc5 {[%clk 00:37:34]} {[%emt
00:00:17]} 1-0

[Event "PK Jeugd 2020 B"]
[Site "Eindhoven, Netherlands"]
[Date "2020.02.08"]
[Round "4.6"]
[White "Molanus, Florian"]
[Black "Li-Behn, Tobias"]
[Result "0-1"]
[WhiteElo "1468"]
[BlackElo "1618"]

1. d4 {[%clk 00:55:15]} {[%emt 00:00:04]} f5 {[%clk 00:55:19]} {[%emt
00:00:02]} 2. c4 {[%clk 00:55:09]} {[%emt 00:00:15]} Nf6 {[%clk 00:55:28]}
{[%emt 00:00:03]} 3. Nc3 {[%clk 00:55:04]} {[%emt 00:00:14]} e6 {[%clk
00:55:34]} {[%emt 00:00:05]} 4. Bf4 {[%clk 00:54:27]} {[%emt 00:00:46]} d5
{[%clk 00:55:23]} {[%emt 00:00:22]} 5. e3 {[%clk 00:53:49]} {[%emt 00:00:47]}
c6 {[%clk 00:55:30]} {[%emt 00:00:05]} 6. Nf3 {[%clk 00:52:42]} {[%emt
00:01:16]} Be7 {[%clk 00:55:32]} {[%emt 00:00:08]} 7. Bd3 {[%clk 00:52:06]}
{[%emt 00:00:45]} O-O {[%clk 00:55:32]} {[%emt 00:00:11]} 8. O-O {[%clk
00:51:36]} {[%emt 00:00:38]} Ne4 {[%clk 00:54:27]} {[%emt 00:01:18]} 9. Qc2
{[%clk 00:50:19]} {[%emt 00:01:26]} Nd7 {[%clk 00:52:22]} {[%emt 00:02:15]} 10.
c5 {[%clk 00:45:59]} {[%emt 00:04:29]} g5 {[%clk 00:51:24]} {[%emt 00:01:10]}
11. Be5 {[%clk 00:44:03]} {[%emt 00:02:05]} g4 {[%clk 00:50:00]} {[%emt
00:01:35]} 12. Nd2 {[%clk 00:43:29]} {[%emt 00:00:42]} Nexc5 {[%clk 00:47:04]}
{[%emt 00:03:07]} 13. Bf4 {[%clk 00:41:21]} {[%emt 00:02:18]} Nxd3 {[%clk
00:45:33]} {[%emt 00:01:42]} 14. Qxd3 {[%clk 00:41:23]} {[%emt 00:00:08]} h5
{[%clk 00:45:16]} {[%emt 00:00:27]} 15. f3 {[%clk 00:40:30]} {[%emt 00:01:03]}
Nf6 {[%clk 00:42:16]} {[%emt 00:03:10]} 16. Ne2 {[%clk 00:38:45]} {[%emt
00:01:54]} Qe8 {[%clk 00:40:10]} {[%emt 00:02:16]} 17. Bg3 {[%clk 00:37:23]}
{[%emt 00:01:32]} Rf7 {[%clk 00:37:20]} {[%emt 00:03:01]} 18. e4 {[%clk
00:36:13]} {[%emt 00:01:20]} dxe4 {[%clk 00:33:53]} {[%emt 00:03:37]} 19. fxe4
{[%clk 00:36:14]} {[%emt 00:00:08]} Rh7 {[%clk 00:30:36]} {[%emt 00:03:27]} 20.
exf5 {[%clk 00:35:08]} {[%emt 00:01:16]} exf5 {[%clk 00:29:40]} {[%emt
00:01:07]} 21. Nc4 {[%clk 00:34:10]} {[%emt 00:01:08]} Nd5 {[%clk 00:27:34]}
{[%emt 00:02:15]} 22. Bd6 {[%clk 00:32:02]} {[%emt 00:02:19]} Bg5 {[%clk
00:25:18]} {[%emt 00:02:26]} 23. Rae1 {[%clk 00:31:49]} {[%emt 00:00:22]} Qf7
{[%clk 00:24:10]} {[%emt 00:01:19]} 24. Be5 {[%clk 00:30:43]} {[%emt 00:01:15]}
Be6 {[%clk 00:20:26]} {[%emt 00:03:55]} 25. Nd6 {[%clk 00:29:53]} {[%emt
00:01:00]} Qd7 {[%clk 00:20:34]} {[%emt 00:00:02]} 26. a3 {[%clk 00:27:54]}
{[%emt 00:02:09]} Rf8 {[%clk 00:20:22]} {[%emt 00:00:21]} 27. Ng3 {[%clk
00:27:00]} {[%emt 00:01:04]} h4 {[%clk 00:18:48]} {[%emt 00:01:44]} 28. Ngxf5
{[%clk 00:26:44]} {[%emt 00:00:26]} Nf4 {[%clk 00:17:10]} {[%emt 00:01:49]} 29.
Bxf4 {[%clk 00:25:41]} {[%emt 00:01:13]} Bxf5 {[%clk 00:17:09]} {[%emt
00:00:11]} 30. Nxf5 {[%clk 00:25:46]} {[%emt 00:00:05]} Rxf5 {[%clk 00:15:47]}
{[%emt 00:01:33]} 31. Bxg5 {[%clk 00:25:18]} {[%emt 00:00:37]} Rxg5 {[%clk
00:15:53]} {[%emt 00:00:04]} 32. Qe3 {[%clk 00:24:06]} {[%emt 00:01:21]} Rhg7
{[%clk 00:14:57]} {[%emt 00:01:07]} 33. Qb3+ {[%clk 00:23:22]} {[%emt
00:00:53]} Kh7 {[%clk 00:14:07]} {[%emt 00:01:01]} 34. Qc2+ {[%clk 00:22:59]}
{[%emt 00:00:32]} Kh6 {[%clk 00:13:31]} {[%emt 00:00:46]} 35. Qe4 {[%clk
00:21:57]} {[%emt 00:01:12]} Qd5 {[%clk 00:12:33]} {[%emt 00:01:08]} 36. Rf6+
{[%clk 00:21:29]} {[%emt 00:00:39]} R7g6 {[%clk 00:10:52]} {[%emt 00:01:51]} 37.
Rxg6+ {[%clk 00:21:13]} {[%emt 00:00:26]} Rxg6 {[%clk 00:10:56]} {[%emt
00:00:06]} 38. Qxd5 {[%clk 00:21:10]} {[%emt 00:00:12]} cxd5 {[%clk 00:10:48]}
{[%emt 00:00:19]} 39. Re5 {[%clk 00:20:45]} {[%emt 00:00:35]} Rb6 {[%clk
00:10:37]} {[%emt 00:00:20]} 40. Re2 {[%clk 00:19:58]} {[%emt 00:00:57]} Rc6
{[%clk 00:09:55]} {[%emt 00:00:52]} 41. Kf2 {[%clk 00:19:50]} {[%emt 00:00:17]}
Rf6+ {[%clk 00:09:17]} {[%emt 00:00:49]} 42. Ke3 {[%clk 00:19:35]} {[%emt
00:00:25]} Re6+ {[%clk 00:08:49]} {[%emt 00:00:39]} 43. Kf2 {[%clk 00:19:12]}
{[%emt 00:00:32]} Rxe2+ {[%clk 00:08:03]} {[%emt 00:00:56]} 44. Kxe2 {[%clk
00:19:13]} {[%emt 00:00:09]} Kg5 {[%clk 00:08:08]} {[%emt 00:00:05]} 45. Ke3
{[%clk 00:19:15]} {[%emt 00:00:07]} b5 {[%clk 00:07:25]} {[%emt 00:00:54]} 46.
b3 {[%clk 00:18:27]} {[%emt 00:00:58]} g3 {[%clk 00:05:24]} {[%emt 00:02:12]}
47. hxg3 {[%clk 00:17:47]} {[%emt 00:00:50]} hxg3 {[%clk 00:05:32]} {[%emt
00:00:02]} 48. Kf3 {[%clk 00:17:44]} {[%emt 00:00:12]} Kf5 {[%clk 00:05:41]}
{[%emt 00:00:01]} 49. Kxg3 {[%clk 00:16:11]} {[%emt 00:01:43]} Ke4 {[%clk
00:05:50]} {[%emt 00:00:01]} 50. Kf2 {[%clk 00:16:09]} {[%emt 00:00:11]} Kxd4
{[%clk 00:05:17]} {[%emt 00:00:44]} 51. g4 {[%clk 00:16:11]} {[%emt 00:00:07]}
Kc3 {[%clk 00:04:38]} {[%emt 00:00:49]} 52. g5 {[%clk 00:15:58]} {[%emt
00:00:23]} d4 {[%clk 00:03:42]} {[%emt 00:01:05]} 53. g6 {[%clk 00:14:48]}
{[%emt 00:01:21]} d3 {[%clk 00:03:50]} {[%emt 00:00:02]} 54. g7 {[%clk
00:14:53]} {[%emt 00:00:05]} d2 {[%clk 00:03:33]} {[%emt 00:00:27]} 55. g8=Q
{[%clk 00:14:56]} {[%emt 00:00:06]} d1=Q {[%clk 00:03:39]} {[%emt 00:00:05]} 56.
Qg3+ {[%clk 00:14:51]} {[%emt 00:00:15]} Kc2 {[%emt 00:00:43]} 57. Qe3 {[%clk
00:12:54]} {[%emt 00:02:06]} Qd2 {[%clk 00:03:00]} {[%emt 00:00:18]} 58. Qxd2+
{[%clk 00:12:44]} {[%emt 00:00:20]} Kxd2 {[%clk 00:03:01]} {[%emt 00:00:09]} 59.
a4 {[%clk 00:12:47]} {[%emt 00:00:07]} b4 {[%clk 00:02:47]} {[%emt 00:00:24]}
0-1

[Event "PK Jeugd 2020 B"]
[Site "Eindhoven, Netherlands"]
[Date "2020.02.08"]
[Round "4.7"]
[White "Hooijmans, Merijn Thijmen"]
[Black "Cchung, Nyuk Lyn"]
[Result "0-1"]
[WhiteElo "1267"]
[BlackElo "2001"]

1. d4 {[%clk 00:55:17]} {[%emt 00:00:02]} Nf6 {[%clk 00:55:15]} {[%emt
00:00:04]} 2. Nf3 {[%clk 00:55:02]} {[%emt 00:00:25]} e6 {[%clk 00:55:12]}
{[%emt 00:00:14]} 3. Bf4 {[%clk 00:54:33]} {[%emt 00:00:39]} d5 {[%clk
00:55:11]} {[%emt 00:00:10]} 4. c4 {[%clk 00:54:31]} {[%emt 00:00:13]} Be7
{[%clk 00:54:01]} {[%emt 00:01:19]} 5. e3 {[%clk 00:54:29]} {[%emt 00:00:12]}
O-O {[%clk 00:54:00]} {[%emt 00:00:11]} 6. Bd3 {[%clk 00:54:21]} {[%emt
00:00:18]} c5 {[%clk 00:54:02]} {[%emt 00:00:09]} 7. b3 {[%clk 00:53:12]}
{[%emt 00:01:19]} Ne4 {[%clk 00:52:18]} {[%emt 00:01:54]} 8. O-O {[%clk
00:52:21]} {[%emt 00:01:01]} f5 {[%clk 00:52:15]} {[%emt 00:00:12]} 9. Ne5
{[%clk 00:51:57]} {[%emt 00:00:35]} Nc6 {[%clk 00:47:58]} {[%emt 00:04:28]} 10.
f3 {[%clk 00:46:14]} {[%emt 00:05:52]} Nf6 {[%clk 00:47:58]} {[%emt 00:00:10]}
11. Nc3 {[%clk 00:44:59]} {[%emt 00:01:26]} cxd4 {[%clk 00:46:33]} {[%emt
00:01:34]} 12. Nxc6 {[%clk 00:44:12]} {[%emt 00:00:57]} bxc6 {[%clk 00:46:41]}
{[%emt 00:00:02]} 13. exd4 {[%clk 00:43:59]} {[%emt 00:00:22]} Qb6 {[%clk
00:46:22]} {[%emt 00:00:29]} 14. Be5 {[%clk 00:43:23]} {[%emt 00:00:47]} Nd7
{[%clk 00:45:58]} {[%emt 00:00:34]} 15. Kh1 {[%clk 00:41:38]} {[%emt 00:01:55]}
Nxe5 {[%clk 00:44:36]} {[%emt 00:01:33]} 16. dxe5 {[%clk 00:41:27]} {[%emt
00:00:20]} Qd4 {[%clk 00:44:20]} {[%emt 00:00:25]} 17. Qd2 {[%clk 00:39:43]}
{[%emt 00:01:53]} dxc4 {[%clk 00:41:49]} {[%emt 00:02:43]} 18. bxc4 {[%clk
00:38:55]} {[%emt 00:00:58]} Rd8 {[%clk 00:41:48]} {[%emt 00:00:11]} 19. Rad1
{[%clk 00:38:18]} {[%emt 00:00:48]} Bb4 {[%clk 00:39:08]} {[%emt 00:02:50]} 20.
Ne2 {[%clk 00:37:53]} {[%emt 00:00:34]} Bxd2 {[%clk 00:37:08]} {[%emt
00:02:10]} 21. Nxd4 {[%clk 00:37:48]} {[%emt 00:00:15]} Rxd4 {[%clk 00:37:16]}
{[%emt 00:00:02]} 22. Rxd2 {[%clk 00:37:41]} {[%emt 00:00:17]} Ba6 {[%clk
00:37:09]} {[%emt 00:00:17]} 23. Rc1 {[%clk 00:37:13]} {[%emt 00:00:37]} Rad8
{[%clk 00:37:10]} {[%emt 00:00:09]} 24. Rc3 {[%clk 00:37:05]} {[%emt 00:00:18]}
Kf7 {[%clk 00:36:49]} {[%emt 00:00:32]} 25. Kg1 {[%clk 00:36:20]} {[%emt
00:00:54]} Bxc4 {[%clk 00:35:48]} {[%emt 00:01:12]} 26. Bxc4 {[%clk 00:33:06]}
{[%emt 00:03:24]} Rxd2 {[%clk 00:35:55]} {[%emt 00:00:04]} 27. Rb3 {[%clk
00:32:34]} {[%emt 00:00:41]} R8d7 {[%clk 00:35:53]} {[%emt 00:00:13]} 28. f4
{[%clk 00:30:24]} {[%emt 00:02:19]} R2d4 {[%clk 00:35:35]} {[%emt 00:00:28]} 29.
Be2 {[%clk 00:28:17]} {[%emt 00:02:16]} Rxf4 {[%clk 00:35:04]} {[%emt
00:00:42]} 30. Bh5+ {[%clk 00:27:55]} {[%emt 00:00:32]} g6 {[%clk 00:35:05]}
{[%emt 00:00:10]} 31. Bf3 {[%clk 00:27:51]} {[%emt 00:00:14]} Rc4 {[%clk
00:35:01]} {[%emt 00:00:13]} 32. h4 {[%clk 00:26:05]} {[%emt 00:01:55]} c5
{[%clk 00:34:15]} {[%emt 00:00:57]} 33. h5 {[%clk 00:25:04]} {[%emt 00:01:11]}
g5 {[%clk 00:33:51]} {[%emt 00:00:34]} 34. Rb8 {[%clk 00:24:23]} {[%emt
00:00:51]} g4 {[%clk 00:33:33]} {[%emt 00:00:28]} 35. Bc6 {[%clk 00:24:16]}
{[%emt 00:00:16]} g3 {[%clk 00:33:05]} {[%emt 00:00:40]} 36. Kf1 {[%clk
00:24:17]} {[%emt 00:00:08]} Rd2 {[%clk 00:32:22]} {[%emt 00:00:53]} 37. Ke1
{[%clk 00:22:56]} {[%emt 00:01:30]} Rxa2 {[%clk 00:32:24]} {[%emt 00:00:09]} 38.
Be8+ {[%clk 00:22:29]} {[%emt 00:00:37]} Ke7 {[%clk 00:32:22]} {[%emt
00:00:13]} 0-1